Canadian City Nicknames - Statistics

General Stats
  • This quiz has been taken 17 times
  • The average score is 11 of 18
Answer Stats
Prov Nickname City % Correct
AB Oil Capital of Canada Edmonton
100%
BC City of Newly Weds and Nearly Deads Victoria
100%
MB Slurpee Capital of the World Winnipeg
88%
ON City that Fun Forgot Ottawa
81%
YT Wilderness City Whitehorse
81%
NWT Diamond Capital of North America Yellowknife
81%
NS Haligonia Halifax
75%
SK Paris of the Prairies Saskatoon
75%
PEI Birthplace of Confederation Charlottetown
69%
MB Polar Bear Capital of the World Churchill
69%
ON The Hammer Hamilton
63%
AB City with All Hell for a Basement Medicine Hat
63%
AB Dead Rear Red Deer
63%
YT Paris of the North Dawson City
44%
BC Harbour City Nanaimo
44%
NL Iceberg Capital of the World Twillingate
13%
AB Swan City Grande Prairie
6%
SK Canada's Hockey factory Kelvington
6%
No matching quizzes found
Score Distribution
Percent of People with Each Score
Percentile by Number Answered
Your Score History
You have not taken this quiz